Carlos Concha Torres : (Record no. 6756)
[ view plain ]
| 000 -CABECERA | |
|---|---|
| campo de control de longitud fija | 00808cam a2200241 a 4500 |
| 001 - NÚMERO DE CONTROL | |
| campo de control | 000006972 |
| 005 - FECHA Y HORA DE LA ÚLTIMA TRANSACCIÓN | |
| campo de control | 20200929154032.0 |
| 008 - DATOS DE LONGITUD FIJA--INFORMACIÓN GENERAL | |
| campo de control de longitud fija | 880823s1987 ec b 000 0bspa d |
| 040 ## - FUENTE DE LA CATALOGACIÓN | |
| Centro catalogador/agencia de origen | DO-SdBNP |
| Lengua de catalogación | spa |
| Centro/agencia transcriptor | BNPHU |
| 082 ## - NÚMERO DE LA CLASIFICACIÓN DECIMAL DEWEY | |
| Número de clasificación | 923.2866 |
| Número de documento/Ítem | c744P |
| 100 1# - ENTRADA PRINCIPAL--NOMBRE DE PERSONA | |
| Nombre de persona | Pérez Concha, Jorge. |
| Fechas asociadas al nombre | 1908- |
| 9 (RLIN) | 19377 |
| 245 10 - MENCIÓN DE TÍTULO | |
| Título | Carlos Concha Torres : |
| Resto del título | biografía de un luchador incorruptible / |
| Mención de responsabilidad, etc. | Jorge Pérez Concha. |
| 260 ## - PUBLICACIÓN, DISTRIBUCIÓN, ETC. | |
| Lugar de publicación, distribución, etc. | Quito : |
| Nombre del editor, distribuidor, etc. | El Conejo, |
| Fecha de publicación, distribución, etc. | 1987. |
| 300 ## - DESCRIPCIÓN FÍSICA | |
| Extensión | 224 p. ; |
| Dimensiones | 22 cm. |
| 490 1# - MENCIÓN DE SERIE | |
| Mención de serie | Ecuador |
| 490 1# - MENCIÓN DE SERIE | |
| Mención de serie | Biografías |
| 504 ## - NOTA DE BIBLIOGRAFÍA, ETC. | |
| Nota de bibliografía, etc. | Incluye bibliografía (p. [219] -221). |
| 600 00 - PUNTO DE ACCESO ADICIONAL DE MATERIA--NOMBRE DE PERSONA | |
| Nombre de persona | CONCHA TORRES, CARLOS, |
| Fechas asociadas al nombre | 1864-1919. |
| 9 (RLIN) | 19378 |
| 650 #4 - PUNTO DE ACCESO ADICIONAL DE MATERIA--TÉRMINO DE MATERIA | |
| Término de materia o nombre geográfico como elemento de entrada | Familia ecuatoriana |
| Subdivisión general | Biografía |
| 9 (RLIN) | 19379 |
| 651 #4 - PUNTO DE ACCESO ADICIONAL DE MATERIA--NOMBRE GEOGRÁFICO | |
| Nombre geográfico | Ecuador |
| Subdivisión general | Política Y Gobierno |
| Subdivisión cronológica | 1895-1944. |
| 9 (RLIN) | 19380 |
| 830 #0 - PUNTO DE ACCESO ADICIONAL DE SERIE-TÍTULO UNIFORME | |
| Título uniforme | Ecuador |
| 9 (RLIN) | 19381 |
| 830 #0 - PUNTO DE ACCESO ADICIONAL DE SERIE-TÍTULO UNIFORME | |
| Título uniforme | Biografías |
| 9 (RLIN) | 5554 |
| Estado de retiro | Estado de pérdida | Restricciones de uso | No para préstamo | Código de colección | Localización permanente | Ubicación/localización actual | Ubicación en estantería | Fecha de adquisición | Número de inventario | Total de préstamos | Signatura topográfica completa | Código de barras | Fecha visto por última vez | Precio válido a partir de | Tipo de ítem Koha |
|---|---|---|---|---|---|---|---|---|---|---|---|---|---|---|---|
| Excluido de préstamo | Monografías: Libros y Folletos | General | General | Depósito | 03.09.2009 | LF1 | 923.2866 c744P | 6972-10 | 25.06.2020 | 25.06.2020 | No se presta | ||||
| Monografías: Libros y Folletos | General | General | Orden iniciada | 29.05.2017 | LF1 | 923.2866 c744P | 6972-20 | 25.06.2020 | 25.06.2020 | No se presta |
